000 00850nam a22002297a 4500
999 _c65580
_d65580
005 20240530110832.0
008 190903s ua a g b 000 0 ara d
017 _bمصر. دار الكتب
040 _aEG-CaGPL
_cEG-CaGPL
082 0 4 _221
_a808.3 \
_bج ن
100 1 _aجرييه ، الان روب
245 1 0 _aنحو رواية جديدة /
_cالان روب جرييه ؛ ترجمة مصطفى ابراهيم مصطفى ؛ تقديم لويس عوض
250 _aط.1
260 _aالقاهرة :
_bدار المعارف،
300 _a158 ص. ؛
_c24 سم.
490 0 _aدراسات فى الاداب الاجنبية
504 _aيشتمل على ارجاعات ببليوجرافية
650 0 7 _aالادب العالمى
_2qrmak
651 _2qrmak
942 _2ddc
_cBK